| 000 | 00512nam a2200169 i 4500 | ||
|---|---|---|---|
| 001 | 73184 | ||
| 003 | ES-MaACL | ||
| 005 | 20230906171710.0 | ||
| 007 | t| | ||
| 008 | 040907s1973 sp ||||1| spa d | ||
| 100 | 1 |
_aGómez Rodríguez, Salvador. _958141 |
|
| 245 | 1 | 0 |
_aINCOIN _b: indice comercial, industrial y profesional de las Islas Canarias / _cSalvador Gómez Rodríguez. |
| 250 | _a[2ª ed.]. | ||
| 260 |
_a[S.l. : _bs.n., _c1973] |
||
| 300 |
_a2 v. ; _c22 cm. |
||
| 852 |
_aES-MaACL _jC-55958-9 _bR.88508 |
||
| 999 |
_c73184 _d73184 |
||